| 000 | 00642nam a2200241Ia 4500 | ||
|---|---|---|---|
| 005 | 20250425162348.0 | ||
| 008 | 250425s9999 xx 000 0 und d | ||
| 020 | _a9780273708056 | ||
| 041 | _aeng | ||
| 082 | _a658 | ||
| 100 | _aMULLINS, JOHN W. | ||
| 245 | 0 | _aTHE NEW BUSINESS ROAD TEST: WHAT ENTREPRENEURS AND EXECUTIVES SHOULD DO BEFORE WRITING A BUSINESS PLAN | |
| 250 | _a2ND ED. | ||
| 260 |
_aBREA _bPRENTICE HALL |
||
| 260 |
_aEstados Unidos _bPRENTICE HALL _c2006 |
||
| 300 | _a305 | ||
| 500 | _a2 ED 2006 | ||
| 650 | _aMARKETING | ||
| 650 | _aNEGOCIOS | ||
| 710 | _aPRENTICE-HALL | ||
| 942 | _c01 | ||
| 010 | _a65956 | ||
| 999 |
_c227693 _d227693 |
||